书目信息 |
| 题名: |
生物的进化
|
|
| 作者: | ;中国自然博物馆 编 | |
| 分册: | ||
| 出版信息: | 上海 上海科学技术出版社 1978.12 |
|
| 页数: | 138页 | |
| 开本: | 64开 | |
| 丛书名: | ||
| 单 册: | ||
| 中图分类: | Q41 | |
| 科图分类: | ||
| 主题词: | 普通生理学 | |
| 电子资源: | ||
| ISBN: | ||
| 000 | 00569nam0 2200205 45 | |
| 001 | 0204180996 | |
| 005 | 20070802115103.42 | |
| 010 | @dCNY0.40 | |
| 091 | @a13119.735 | |
| 100 | @a20020418d1978 km y0chiy0120 ea | |
| 101 | 0 | @achi |
| 105 | @aa z 000yy | |
| 200 | 1 | @a生物的进化@ASheng Wu De Jin Hua@f中国自然博物馆编@FZhong Guo Zi Ran Bo Wu Guan Bian |
| 210 | @a上海@c上海科学技术出版社@d1978.12 | |
| 215 | @a138页@c插图@d64开 | |
| 606 | 0 | @a普通生理学 |
| 690 | @aQ41@v3 | |
| 711 | 02 | @a中国自然博物馆@4编 |
| 801 | @aCN@bTSTC@c20070802 | |
| 905 | @f1@b25557@dQ41@e1 | |
| 生物的进化/中国自然博物馆编.-上海:上海科学技术出版社,1978.12 |
| 138页:插图;64开 |
| ISBN :CNY0.40 |
| ● |
| 相关链接 |
|
|
|
|
正题名:生物的进化
索取号:Q41/1
 
预约/预借
| 序号 | 登录号 | 条形码 | 馆藏地/架位号 | 状态 | 备注 |
| 1 | 0025557 | 001790039 | 第二样本阅览室/ [索取号:Q41/1] | 在馆 | |
| 2 | 0790581 | 207905819 | 密集书库/ [索取号:Q41/1] | 在馆 |